000 00949naa a22002177i 4500
001 192143
003 ES-MaBCM
005 20230228070144.0
008 121213b2012 spa||||| |||| 00| 0 spa d
021 _axx
035 _a(OCoLC)1293083031
040 _cES-MaBCM
100 _934454
_aOrellana Cano, Ana María
245 _aEl procedimiento de despido colectivo tras la Ley 3/2012, de 6 de julio, de medidas urgentes para la reforma del mercado laboral
_cAna María Orellana Cano
520 _aA continuación "Glosa judicial. Despido colectivo: nulidad de la decisión empresarial y legitimación suficiente. (Comentario a la STSJ de Cataluña, de 23 de mayo de 2012)" de Mª Luz García Paredes, p. 1854-1860
650 7 _aDespido colectivo
_958390
655 4 _aLegislación comentada
_9115338
651 4 _aEspaña
_9115342
773 0 _aEn
_dMadrid
_gN. 17-18 (oct. 2012), p. 1854-1860
_tActualidad laboral
_w104211
942 _2udc
_cAREV
999 _c192143
_d192143